00480nam a2200193 a 4500001001300000003000900013005001700022008004100039020000900080082001600089100001600105245002900121260003700150300000900187500003500196505001700231650002200248700001600270nice12345678IN_TiNIC20260116012748.0050524s1978 rama grp 000 0 eng  ac1000a297.63bAFZ aAfzal, Omar aLIFE OF PROPHET MOHAMMAD aRampurbMaktaba Al-Hasnaatc1978 a167p aincludes index and biblioraphy2 aBibliography aMuhammad, Prophet1 aAfzal, Omar